000 00624nam a2200229Ia 4500
003 OSt
005 20220918192054.0
006 a|||||r|||| 00| 0
007 ta
008 220917b |||||||| |||| 00| 0 eng d
024 _a66,887
037 _cTextual
040 _aARTS
_cARTS
_beng
041 _2eng
_aeng
082 _aR3xL24z7, L2
100 _aKant Immanuel
_910597
245 0 _aPerpetual peace
_b a philosophical essay tr by M Cambell Smith
260 _aNew York
_bGarland
_c1972
300 _a203p.
_ccm.
942 _hR3xL24z7, L2
_cTEXL
_2CC
999 _c193120
_d193120